Principles and practice of structural equation modeling (Record no. 554)

000 -LEADER
fixed length control field 00465 a2200145 4500
020 ## - INTERNATIONAL STANDARD BOOK NUMBER
International Standard Book Number 1593850751
020 ## - INTERNATIONAL STANDARD BOOK NUMBER
International Standard Book Number 1572306904 (pbk.)
082 ## - DEWEY DECIMAL CLASSIFICATION NUMBER
Classification number 519.535 KLI
100 ## - MAIN ENTRY--PERSONAL NAME
Personal name Kline, Rex B.
245 ## - TITLE STATEMENT
Title Principles and practice of structural equation modeling
Statement of responsibility, etc. Rex B. Kline.
250 ## - EDITION STATEMENT
Edition statement 2nd ed.
260 ## - PUBLICATION, DISTRIBUTION, ETC.
Place of publication, distribution, etc. New York :
Name of publisher, distributor, etc. Guilford Press,
Date of publication, distribution, etc. c2005.
300 ## - PHYSICAL DESCRIPTION
Extent xviii, 366 p. ;
Dimensions 23 cm.
650 ## - SUBJECT ADDED ENTRY--TOPICAL TERM
Topical term or geographic name entry element Structural equation modeling.
650 ## - SUBJECT ADDED ENTRY--TOPICAL TERM
Topical term or geographic name entry element Social sciences
General subdivision Statistical methods
-- Data processing.
Holdings
Withdrawn status Lost status Damaged status Not for loan Permanent Location Current Location Shelving location Date acquired Total Checkouts Full call number Barcode Date last seen Price effective from Koha item type
        School of Civil and Environmental Engineering (SCEE) School of Civil and Environmental Engineering (SCEE)       519.535 KLI NIT-3626 01/05/2017 01/05/2017 Book
© 2023 Central Library, National University of Sciences and Technology. All Rights Reserved.